00386 2200133 4500001002100000008004100021035002000062245007400082100002200156260003200178300001900210084001400229990000900243INLIS000000000003800 ind  a0010-0723000285 aPenyembuhan Alami dengan Herbal dan Pijat RefleksicMB. Rahimsyah AR. aAR, MB. Rahimsyah aSurabaya :bDUA MEDIAc2012 a128 hlm.c23.5 a018 PEN m a3884